[Event "Sochi Archibald op 1st"]
[Site "Sochi"]
[Date "2019.05.15"]
[Round "5"]
[White "Yandarbiev, Ruslan"]
[Black "Kovalchuk, Alexey"]
[Result "1-0"]
[WhiteElo "2279"]
[BlackElo "2410"]
[PlyCount "64"]
[EventDate "2019.05.12"]
[EventType "swiss"]
[EventRounds "9"]
[EventCountry "RUS"]
[SourceTitle "CBM 190 Extra"]
[Source "ChessBase"]
[SourceDate "2019.07.15"]
[SourceVersion "1"]
[SourceVersionDate "2019.07.15"]
[SourceQuality "1"]

1. e4 c5 2. Nf3 d6 3. d4 cxd4 4. Nxd4 Nf6 5. Nc3 a6 6. h3 e6 7. g4 Nfd7 8. g5 b5 9. a3 Bb7 10. h4 Be7 11. Rg1 Nc6 12. Be3 0-0 13. h5 Nxd4 14. Qxd4 Nc5 15. f3 Qc7 16. h6 e5 17. Qd2 g6 18. 0-0-0 Rab8 19. Kb1 Rfd8 20. Nd5 Bxd5 21. Qxd5 Na4 22. Qb3 Nb6 23. Rg2 Nc4 24. Bxc4 bxc4 25. Qc3 Rb5 26. Rd5 Rdb8 27. Rxb5 axb5 28. Rd2 Qc8 29. Rd5 Qh3 30. Rxe5 Qf1+ 31. Bc1 dxe5 32. Qxe5 f6 1-0